| 000 | 00000nam##2200000za#4500 |
| 001 | 9.624331 |
| 003 | CaOODSP |
| 005 | 20220107134005 |
| 007 | ta |
| 008 | 150406|1997||||xxc||||| f|0| 0 fre|d |
| 020 | |z0-662-24593-8 |
| 040 | |aCaOODSP|bfre |
| 043 | |an-cn--- |
| 086 | 1 |aH72-22/1-1997F |
| 110 | 2 |aCentre national d'information sur la violence dans la famille (Canada) |
| 245 | 13|aLa violence et la négligence à l'égard des enfants |
| 260 | |aOttawa - Ontario : |bSanté Canada. |c1997. |
| 300 | |a10p. : |bréférences ; |c28 cm. |
| 490 | 1 |aRenseignements du Centre national d'information sur la violence dans la famille |
| 563 | |aCouverture souple |
| 590 | |a97-15|b1997-04-11 |
| 691 | 07|aViolence faite aux enfants|2gcpds |
| 776 | 0#|tLa violence et la négligence à l'égard des enfants |w(CaOODSP)9.602984 |
| 830 | #0|aRenseignements du Centre national d'information sur la violence dans la famille.|w(CaOODSP)9.513100 |